[Event "RUS-chT 05th"]
[Site "Maikop"]
[Date "1998.06.06"]
[Round "4"]
[White "Shariyazdanov, Andrey"]
[Black "Zarubin, Pavel"]
[Result "1-0"]
[WhiteElo "2495"]
[BlackElo "2445"]
[Annotator "Tsesarsky,I"]
[PlyCount "83"]
[EventDate "1998.06.03"]
[EventType "team-tourn"]
[EventRounds "11"]
[EventCountry "RUS"]
[SourceTitle "CBM 066"]
[Source "ChessBase"]
[SourceDate "1998.09.30"]
[SourceVersion "1"]
[SourceVersionDate "1998.09.30"]
[SourceQuality "1"]
[WhiteTeam "Ekaterinburg Agat"]
[BlackTeam "Cherepovets Severstal"]
[WhiteTeamCountry "RUS"]
[BlackTeamCountry "RUS"]

1. Nf3 d5 2. c4 e6 3. d4 Nf6 4. Nc3 Be7 5. Qc2 O-O 6. cxd5 exd5 7. Bg5 c6 8. e3
Nh5 (8... a5 9. Bd3 h6 10. Bh4 Nbd7 11. O-O Re8 12. Bg3 Bf8 13. Rfe1 g6 14.
Rab1 Bg7 15. h3 b5 $14 {Ullrich,F-Schmidt,W/BL 1982/1/2-1/2 (61)}) (8... b6 9.
Rc1 Ba6 10. Bxa6 Nxa6 11. Bxf6 Bxf6 12. Qa4 Nb8 13. O-O a5 14. Ne2 Ra7 15. Nf4
g6 16. Nd3 Re7 17. b4 b5 18. Qb3 Ra7 $14 {ZÜ 1-0 Etzold,W-Timmermanns,H/OLO-B
1993 (28)}) (8... h6 9. Bh4 (9. Bf4 Nh7 (9... Nbd7 10. h3 Re8 11. Bd3 Nf8 12.
Ne5 Bd6 13. O-O-O Ne6 14. Kb1 c5 15. Nxf7 $1 (15. Nb5 $6 Nxf4 16. exf4 c4 $132
{1/2-1/2 Rapp,R-Wilde,M/BL2-SW 1990 (57)}) 15... Kxf7 16. Bxd6 Qxd6 17. Bg6+
Kf8 18. dxc5 Qxc5 19. Bxe8 Kxe8 20. Nxd5 Qxc2+ 21. Kxc2 $16) 10. Bd3 Ng5 11.
Bxg5 Bxg5 12. O-O-O f5 13. Ne5 Qd6 14. f4 Bd8 15. h3 Nd7 16. g4 $14 {1/2-1/2
Lim Kok Ann-Kudoke,W/WchS Wildbad 1993 (39)}) 9... Be6 (9... Ne4 10. Bxe7 Qxe7
11. Bd3 $14 (11. Nxe4 dxe4 12. Nd2 Bf5 13. O-O-O Nd7 14. Kb1 c5 15. Nb3 Rfc8
16. dxc5 Nxc5 17. Nxc5 Rxc5 18. Qd2 Rac8 19. Be2 Be6 20. Rc1 $11 {0-1
Machulski-Navarro/Nigaragua/SW,42,18 1987 (43)})) 10. Bd3 Nbd7 11. O-O Rc8 (
11... a5 12. Rab1 (12. h3 $6 Bd6 13. a3 Qc7 14. Ne2 (14. Rab1 g5 $14) 14... Nh5
15. g4 g5 16. gxh5 gxh4 17. Kh1 Bxh3 18. Rg1+ Kh8 19. Bf5 Bxf5 20. Qxf5 $132 {
Ivanov,I-Ariel,D/Philadelphia World op 1994/0-1 (49)}) 12... Re8 13. a3 $14)
12. Rab1 $14 (12. Qd2 Bd6 13. Rab1 a6 14. b4 b5 15. a4 $14 {1-0 Aliev,
C-Rybansky,D/WchJ Verdun 1995 (34)})) (8... Bg4 9. Ne5 (9. Bd3 h6 10. Bh4 Nbd7
11. h3 Be6 12. O-O Nh5 13. Bxe7 Qxe7 14. Rab1 $14 (14. Ne5 Nxe5 15. dxe5 f5 16.
Be2 Qg5 17. Qd1 Bf7 18. f4 Qh4 19. Bxh5 Bxh5 20. Qd4 Rfe8 21. Kh2 Re6 22. g3
Qe7 23. b4 b6 24. b5 $14 {Dao Thien Hai-Cadena,J/WchJM-U20 Tunja 1989/1-0 (46)}
)) 9... Bh5 10. Bd3 Bg6 11. O-O Bxd3 12. Qxd3 h6 13. Bxf6 Bxf6 14. f4 $132 {
Petursson,G-Petersen,N/Politiken Cup, Copenhagen DEN 1998/1-0 (55)}) (8... Re8
9. Rc1 (9. Bxf6 Bxf6 10. Bd3 h6 11. O-O a5 12. a3 Qd6 13. Na4 $132 {1/2-1/2
Zaltsman,V-Frias,V/Lone Pine op 1980 (36)}) 9... Ne4 10. Bxe7 Qxe7 11. Bd3 Bf5
12. O-O Nd7 13. Nd2 Nxd2 14. Qxd2 Bxd3 15. Qxd3 Nf6 $11 {Anderberg,P-Woehrle,C/
Nuernberg Weilburg op 1996/1-0 (73)}) (8... Nbd7 {Theory}) 9. Bxe7 Qxe7 10. Bd3
g6 (10... Nf6 11. O-O Re8 12. Rab1 $14) 11. O-O Ng7 (11... Nd7 12. Rfe1 $6 Ndf6
13. e4 $6 dxe4 14. Nxe4 Nxe4 15. Bxe4 Qd6 $11 {1/2-1/2 Ramon,V-Kunze,K/
Dresden-W 1990 (26)}) 12. Rfe1 $6 (12. e4 dxe4 13. Nxe4 Rd8 $11) (12. Rab1 $1
Bf5 13. b4 Bxd3 14. Qxd3 a6 15. a4 $14) 12... Bf5 13. e4 dxe4 14. Bxe4 Qc7 $6 (
14... Bxe4 $1 15. Rxe4 Qd6 16. d5 Rd8 (16... cxd5 17. Rd1 Rc8 (17... Re8 18.
Rxd5 Qc7 19. Rxe8+ Nxe8 20. Qd2 Nf6 21. Nb5 $18) 18. Qd3 Nc6 19. Nxd5 Kh8 20.
Ng5 Qf8 21. Nxh7 $1 $18) 17. Rd1 Na6 18. Ne5 $1 (18. Rc4 Nb4 19. Qb3 Nxd5 20.
Qxb7 Rab8 21. Qxa7 Rxb2 22. Ne4 Qf8 23. Ne5 f5 24. Qd4 (24. Nxc6 fxe4 (24...
Ne3 25. Nxd8 Nxd1 26. Qd4 $1 $16) 25. Nxd8 e3 26. f3 Qxd8 $15) 24... Re2 25.
Ng3 (25. Ng5 Qe8 26. Ngf3 Ne6 $132) 25... Rxa2 26. Nxc6 Rd6 27. Rcc1 Ra6 $8 28.
Qe5 Raxc6 29. Rxc6 Rxc6 30. Qxd5+ Re6 31. Ne2 Kh8 32. Nf4 Re8 $11) 18... Nb4 (
18... c5 19. Qb3 Qb6 20. Qxb6 axb6 21. d6 Nb8 22. a3 Nf5 23. Nc4 $16) 19. Qb3
Nxd5 20. Qxb7 $16) 15. Bxf5 Nxf5 16. Ne4 Nd7 $2 $14 (16... Nd6 17. Nf6+ Kg7 18.
Nd5 Qd8 19. Nc3 Na6 $11) 17. Qd2 $2 $11 (17. d5 $1 Rac8 18. dxc6 bxc6 $14 (
18... Qxc6 19. Qxc6 Rxc6 20. Rad1 Nb6 (20... Nb8 21. g4 Ne7 22. Nd4 Rc7 23. Nb5
Rc2 24. Nf6+ Kg7 25. Nxh7 Kxh7 26. Rxe7 Nc6 27. Rxb7 Rxb2 28. a4 $16) 21. g4
Ng7 22. Ne5 Re6 23. g5 $14 (23. Nc5 Re7 24. Ned7 Rxe1+ 25. Rxe1 Nxd7 26. Nxd7
Rd8 27. Nf6+ Kf8 (27... Kh8 28. Re7 $18) 28. Nxh7+ $16))) 17... Rad8 $6 (17...
Nb6 $11) 18. Rad1 $6 (18. d5 $1 $14) 18... Nb6 $5 (18... Nd6 19. Qf4 Ne8 20.
Qh4 f6 21. d5 $14) 19. g4 $1 (19. Nf6+ Kg7 20. Qg5 Nd5 $15) 19... Ne7 $4 $18 (
19... Nd6 $1 20. Nf6+ (20. Qh6 Nxe4 21. Rxe4 f5 22. gxf5 Rxf5 23. Rde1 Qg7 24.
Re8+ Rxe8 25. Rxe8+ Rf8 26. Qxg7+ Kxg7 27. Rxf8 Kxf8 $15) 20... Kg7 21. d5 (21.
Qf4 Nb5 22. Nh5+ gxh5 23. Qg5+ Kh8 24. Qf6+ Kg8 25. Re5 (25. Qg5+ $11) 25...
Rd5 26. Qg5+ $11) 21... Nxd5 22. Nxd5 cxd5 23. Qd4+ Kg8 24. Qxa7 $132) 20. Qh6
$1 (20. Nf6+ $2 Kg7 (20... Kh8 21. Qh6 $18) 21. Qg5 Ng8 $1 (21... Nbd5 $2 22.
Nh5+ Kg8 23. Qh6 gxh5 24. Ng5 Nf6 25. Qxf6 Ng6 26. gxh5 Qf4 27. Nxh7 $1 Qg4+
28. Kh1 Qxh5 (28... Kxh7 29. hxg6+ Qxg6 30. Qh4+ $18) 29. Nxf8 $18) 22. Nh4
Nxf6 23. Nf5+ Kg8 24. Nh6+ Kg7 25. Nf5+ $11) 20... f6 $8 21. Nc5 Ned5 $8 22.
Ne6 Qd7 23. Qh4 (23. h3 $18) 23... g5 (23... Rfe8 24. Nxd8 Rxd8 25. h3 $18) 24.
Nxf8 Rxf8 25. Qg3 h5 26. gxh5 (26. h3 h4 27. Qh2 Nf4 (27... f5 28. Nxg5 $18)
28. Nxh4 $18) 26... Nf4 27. Nh4 $2 $16 (27. h6 Qh7 28. h4 $18) 27... Nxh5 28.
Qb3+ Nd5 29. Ng2 (29. Ng6 Re8 30. Qf3 Ng7 $16) 29... Kg7 (29... Rf7 $16) 30.
Re4 Rf7 31. Rde1 Qf5 (31... f5 32. Re5 $18) 32. Re8 (32. a3 Nhf4 33. Nxf4 Nxf4
34. Qg3 Nh3+ 35. Kg2 Nf4+ 36. Kh1 $16) 32... Qg4 $2 $18 (32... Ndf4 33. Nxf4
Nxf4 34. Qf3 (34. R8e7 Rxe7 35. Rxe7+ Kh6 $44) (34. Qg3 Nh3+ 35. Kg2 Nf4+ 36.
Kh1 $16 (36. Kf1 Qb5+ 37. Kg1 Qxb2 $44)) 34... Nh3+ 35. Kg2 Nf4+ 36. Kf1 Qb5+
37. Kg1 Qxb2 $44) 33. Qd1 $18 Qh3 34. R8e3 (34. R1e3 Nxe3 35. Rxe3 $18) 34...
Nxe3 35. Rxe3 Qf5 36. Qxh5 Qb1+ 37. Re1 Qxb2 38. Ne3 Qb5 39. d5 Qd3 40. Rd1 Qe4
41. d6 Qe6 42. Qxf7+ 1-0

[Event "Monaco m2"]
[Site "Monte Carlo"]
[Date "1996.??.??"]
[Round "3"]
[White "Lautier, Joel"]
[Black "Piket, Jeroen"]
[Result "1/2-1/2"]
[WhiteElo "2620"]
[BlackElo "2580"]
[Annotator "Tsesarsky,I"]
[PlyCount "129"]
[EventDate "1996.11.29"]
[EventType "match"]
[EventRounds "8"]
[EventCountry "MNC"]
[SourceTitle "CBM 056"]
[Source "ChessBase"]
[SourceDate "1997.02.01"]
[SourceVersion "1"]
[SourceVersionDate "1997.02.01"]
[SourceQuality "1"]

1. d4 Nf6 2. c4 e6 3. Nc3 d5 4. cxd5 exd5 5. Bg5 c6 6. Qc2 Be7 7. e3 O-O 8. Bd3
Nbd7 9. Nge2 Re8 10. O-O Nf8 11. f3 Be6 12. Rad1 Ng6 13. Ng3 (13. Kh1 Rc8 (
13... Qc7 14. Nf4 Ng4 15. fxg4 Bxg5 16. Ncxd5 Bxd5 17. Nxd5 Qd7 18. Nc3 Bxe3
19. Bc4 Re7 20. d5 Qxg4 21. d6 Rd7 22. Rxf7 Rxf7 23. Bxf7+ Kxf7 24. Qb3+ Kf8
25. Qxb7 $44 {1/2-1/2 Berg,K-Thorhallsson,T/Akureyri ;CBM 40 1994 (43)}) 14. a3
{[#] Black was well prepared for the standard e3-e4, which he might meet with
d5xe4, f3xe4 and then c6-c5 or Nf6-g4. That's why Tukmakov leaves this advance
in the center for a while and keeps manouevring.} Nd7 15. Bxe7 Qxe7 16. Bxg6
hxg6 17. e4 g5 18. Ng3 Qf6 19. Qd2 Qf4 20. Qd3 Qh4 21. e5 g6 22. Kg1 Kg7 23.
Rf2 f6 24. exf6+ Nxf6 25. Re2 Bf7 26. Rde1 $10 {1/2-1/2 Moskalenko,V-Gelfand,B/
Norilsk ;EXT 87 1987 (64)}) (13. Qc1 b5 14. Ng3 h6 15. Bxf6 Bxf6 16. Bxg6 fxg6
17. Nce2 Qb6 18. Kh1 h5 19. Nf4 h4 20. Nge2 Bf7 21. Nd3 g5 22. Nc5 Bg6 23. g3
Re7 24. gxh4 gxh4 25. Nf4 Bf7 26. Rde1 Rae8 27. Rg1 $132 {0-1 Horvath,
P-Lengyel,B/HUN-chT 9293 ;TD 93\08 1993 (55)}) (13. a3 Qc7 14. Bxf6 Bxf6 15. f4
Bg4 16. Nxd5 Qd8 17. Nxf6+ Qxf6 18. f5 Nh4 19. e4 Rad8 20. Qd2 Rxd4 21. Nxd4
Qxd4+ 22. Qf2 Qf6 23. Rde1 Rd8 24. Re3 Qg5 25. Qf4 Qh5 26. h3 Bd1 27. g4 Bxg4
28. hxg4 {1-0 Skomorokhin,R-Arakelov,I/RUS-sf Yaroslavl (07) ;EXP 49 1995})
13... a6 (13... Qa5 14. Rde1 c5 15. f4 c4 16. Be2 Bd7 17. Bf3 Bc6 18. Nf5 Ne4
19. Nxe7+ Nxe7 20. Bxe4 dxe4 21. Bxe7 Rxe7 22. f5 f6 23. a3 Rae8 24. Rc1 b5 25.
d5 Bb7 26. Rcd1 Qb6 27. Rd4 $16 {1-0 Moskalenko,Viktor-Atalik,Suat/Aosta open 
(03) 1990 (38)}) (13... Rc8 14. Kh1 (14. Rde1 c5 15. f4 Nf8 $1 16. Kh1 h6 17.
Bh4 a6 18. Qd2 cxd4 19. exd4 Ne4 $1 20. Ncxe4 Bxh4 21. Nc5 Rc7 22. f5 Bg5 $1
23. Qd1 Bd7 24. Nh5 Nh7 25. Qf3 Rxe1 26. Rxe1 Bc6 27. Qg3 Nf6 28. Nxg7 $1 $10)
14... a6 (14... Nh5 15. Bxe7 Nxg3+ 16. hxg3 Qxe7 17. Kg1 $1 {White changes the
plan: in the new circumstances he will probably go for the minority attack 
(b2-b4-b5); Black decides not to wait for it and goes for c6-c5.} c5 18. Bxg6
$1 hxg6 19. dxc5 Qxc5 20. Rd4 b5 21. a3 Qb6 22. Rfd1 Rc4 23. Kf2 a6 24. Qe2 $16
{1/2-1/2 Tukmakov,V-Miladinovic,I/Elenite (03) ;CBM 50 1995 (56)}) 15. Nf5 Bf8
16. e4 Bxf5 17. exf5 Ne7 18. g4 Qd6 19. Qf2 Nd7 20. Bb1 b5 21. Rg1 b4 22. Ne2
c5 23. Bf4 Qb6 24. dxc5 Qxc5 25. Be3 Qd6 26. Nd4 Nc6 $132 {1/2-1/2
Sharivazdanov,A-Panchenko,AN/RUS-sf Kazan (07) ;EXP 49 1995 (46)}) 14. Bf5 Qa5
15. Bxf6 (15. e4 $4 Nxe4 16. Bxe7 Nxg3 $19) (15. Bxe6 $6 fxe6 16. e4 $5 Nxe4 $5
(16... dxe4 $6 17. Bxf6 Bxf6 18. Ngxe4 $5 $14 (18. fxe4 $2 Qb6 19. Nge2 (19.
Na4 Bxd4+ 20. Kh1 Qa7) 19... e5 20. Na4 Qa7 21. Qb3+ Kh8 $17)) 17. Ngxe4 dxe4
18. Bxe7 Rxe7 19. fxe4 Rd8 $11) 15... Bxf6 16. e4 Rac8 (16... Qb6 17. Qf2 (17.
Qd2 Bxf5 18. Nxf5 Rad8 $132) 17... Nf4 18. Bxe6 (18. e5 $6 Bg5 19. Bb1 (19. Qc2
$6 g6 20. Bxe6 Nxe6 21. Qf2 f6 $1 {[%csl Rd4]} 22. exf6 (22. Na4 Qa7 (22... Qb4
23. Nc3 fxe5 24. dxe5 Bf4 25. Rfe1 Ng5 $17 {[%csl Re5]}) 23. exf6 Bxf6 24. Ne2
Re7 $17) (22. f4 Nxf4 23. exf6 Rf8 $19) 22... Bxf6 23. Nge2 Qxb2 $17) 19... f6
20. exf6 (20. Qc2 g6 21. Na4 Qa7 22. Nc5 b6 23. Nd3 Nxd3 24. Rxd3 fxe5 25. dxe5
Bf4 26. Qxc6 Bxe5 27. Qc1 b5+ 28. Kh1 Rac8 29. Qd2 Qg7 (29... Qc7 30. f4) 30.
b3 Qc7 31. f4 Bc3 $15) 20... Bxf6 $15 {[%csl Rd4]}) 18... Rxe6 $15) 17. Qb3 b5
18. Bxe6 fxe6 19. f4 c5 20. dxc5 $6 (20. e5 $1 $16 cxd4 21. Nxd5 $1 {Simple
and strong} (21. exf6 dxc3 22. f5 $1 (22. f7+ Kxf7 23. f5 Qb6+ 24. Kh1 Ne7 25.
fxe6+ Kg8 $17) 22... Ne5 (22... Nh4 23. fxe6 Qb6+ 24. Kh1 gxf6 25. bxc3 Qxe6
26. Nh5 $16 {[%csl Rd5][%cal Gh5f4]}) 23. fxg7 Qb6+ 24. Kh1 Kxg7 (24... Ng4 $2
25. f6 Nf2+ 26. Rxf2 Qxf2 27. Rf1 Qxb2 28. Nf5 $3 Qd2 29. Nd6 Rf8 (29... c2 30.
f7+ Kxg7 31. Qg3+ {Mate}) (29... Red8 30. Nxc8 Rxc8 31. Qb4 $18 {[%csl Rf8]
[%cal Gf6f7]}) 30. gxf8=Q+ Rxf8 31. f7+ Kh8 32. Qb4 Qd3 33. Qf4 Qg6 $8 34. Qe5+
Qg7 35. Qxe6 $18) 25. fxe6 Qxe6 26. bxc3 $16 {[%csl Rg7]}) 21... Bh4 22. Nb4 $2
(22. Ne4 $1 exd5 23. Qxd5+ Kh8 24. Nd6 Rf8 $8 (24... Qc7 25. Rc1 Nxf4 26. Rxc7
Nxd5 27. Rxc8 Rxc8 28. Nxc8 $18) 25. Nxc8 Rxc8 26. f5 $16) 22... Bxg3 23. hxg3
Rc4 $132) 20... Bxc3 21. bxc3 $2 (21. Qxc3 $5 Qxc3 22. bxc3 Rxc5 23. f5 Nf8 (
23... exf5 24. Rxf5 Rxc3 25. exd5 $132) 24. fxe6 dxe4 25. e7 Rxe7 26. Rd8 Rf7
27. Nxe4 Rxf1+ 28. Kxf1 Re5 $11) (21. f5 $3 {Again!} Bb4 (21... Ne7 22. bxc3
Rxc5 23. fxe6 Rxc3 24. Qb2 Qb6+ 25. Kh1 Rxg3 (25... Qc6 26. Rf7 $16) 26. hxg3
Qxe6 27. exd5 Nxd5 28. Rf3 $16) 22. fxg6 Bxc5+ 23. Kh1 dxe4 (23... hxg6 24.
exd5 Qb4 25. Qd3 (25. Qxb4 $2 Bxb4 26. d6 Red8 27. Ne4 Rc4 $15) 25... Qxb2 26.
Qxg6 $16) 24. gxh7+ $16) 21... Rxc5 $132 {=} 22. exd5 (22. f5 $6 {Too late}
Rxc3 23. Qb2 exf5 $17) (22. Ne2 dxe4 23. Rd4 Qb6 {[%cal Rb6g1]} 24. f5 (24. Kh1
Qc6) 24... Ne5 $15) 22... Rxc3 23. Qb1 exd5 24. f5 $1 (24. Rxd5 Nxf4 $5 (24...
Qb6+ 25. Kh1 Qc6 26. Rd2 (26. Rd4 Rc2 27. Rg1 (27. Qb3+ $6 Kh8 28. Qd5 Qxd5 29.
Rxd5 Rxa2 $17) 27... Nh4 28. Qb3+ Kh8 29. Rd6 Qxd6 30. Qxc2 Qxf4 $17) 26...
Nxf4 27. Nf5 (27. Rxf4 $2 Rc1+ 28. Rf1 Rxb1 29. Rxb1 Qc3 $19) 27... Nd5 $17 (
27... Nxg2 $2 28. Rxg2 Re2 29. Nh6+ $18) (27... g6 28. Nh6+ Kg7 29. Ng4 Re7 $17
)) 25. Rxf4 Rxg3 26. hxg3 Re1+ 27. Qxe1 Qxe1+ 28. Kh2 $15) 24... Ne5 25. f6 $1
(25. Rxd5 $2 Qb6+ 26. Kh1 Ng4 $1 (26... Rxg3 $2 27. Rxe5 $1 (27. hxg3 Qh6+ 28.
Kg1 Ng4 $19) 27... Rxe5 28. hxg3 Qh6+ 29. Kg1 $11) 27. Ne4 Rxe4 28. Qxe4 Nf2+
29. Rxf2 Rc1+ $19) 25... Rf8 $4 (25... Qb6+ $8 26. Kh1 gxf6 (26... Rf8 $5) 27.
Nh5 Rc6 (27... Re6 28. Qf5 Rcc6 29. Rxd5 Ng6 30. Rd7 Re5 $44) 28. Qf5 Rf8 29.
Rxd5 Ng6 30. Rd7 Qc5 31. Qh3 Rf7 32. Rd8+ Nf8 $44) 26. Rxd5 $4 (26. fxg7 $1 {
[%csl Rg8]} Rxf1+ 27. Rxf1 Qb6+ 28. Kh1 Nd3 $8 (28... Ng4 29. Qf5 $18) (28...
Rxg3 29. Qf5 $1 $18) 29. Qd1 $1 $18 Nf2+ 30. Rxf2 Qxf2 31. Qxd5+ Kxg7 (31...
Qf7 32. Qd8+ Kxg7 33. Qd4+ $18) 32. Qe5+ {[%csl Rc3]} Qf6 33. Nh5+ $18) 26...
Qb6+ 27. Kh1 Ng4 28. Rg5 $5 (28. f7+ $2 Rxf7 29. Rxf7 Kxf7 30. Ne4 (30. Qf5+
Nf6 31. Rd7+ Kg8 $19) 30... Qc7 {[%cal Rc7h2,Rc7c1]} 31. Rd7+ Qxd7 32. Nxc3 Qd4
$17) (28. Qe1 $1 Nxf6 (28... Rcc8 29. Nf5 Qxf6 30. Qd1 (30. Ne7+ $2 Qxe7) 30...
Nh6 31. Rd6 Qg5 32. Nxh6+ gxh6 33. Rxf8+ Rxf8 34. h3 $11 (34. Rxa6 $4 Qd2 $1
35. Qg1 (35. Qb3+ Kh8 36. Qb1 Qe2 $19) 35... Qe2 $19)) 29. Rxb5 $1 $11) 28...
Nxf6 29. Nf5 $2 (29. Nh5 $1 Rc7 (29... Nxh5 $4 30. Rxf8+ Kxf8 31. Qb4+ $18) 30.
Rgf5 Rcf7 31. Qb3 Kh8 32. Qa3 b4 33. Qa4 {[%csl Ge8]} Re7 34. Nxf6 Rxf6 35.
Rxf6 gxf6 36. Qc2 $44) 29... Rc7 30. Qb2 $6 {[%cal Rb2g7,Rg5g7,Rf5g7]} (30. Rg3
$17) 30... Kh8 31. Qb4 $2 (31. Rg3 $17) 31... Qc5 $19 {[%cal Yc5g5]} 32. Qf4 (
32. Qe1 Ne4 $3 33. Qxe4 Qc1 $1 $19 {[%csl Rf1,Rg5]}) 32... Ne8 $2 $17 (32...
Ne4 $1 33. Qxe4 (33. Rh5 Nf2+ $19) 33... Qc1 $19 {[%cal Rc1f1,Rc1g5]}) 33. Qd2
(33. Re1 Rcf7 34. Qe3 Qxe3 35. Nxe3 Rf2 $17) 33... Rcf7 (33... Nd6 $5 {[%cal
Gf8f1]} 34. Ne3 Rxf1+ 35. Nxf1 Rf7 36. Ng3 Qf2 $19) 34. g4 g6 $2 (34... Qc6+ $1
35. Kg1 Nd6 36. Rc1 Nc4 37. Qd4 Rd7 38. Qc3 Qb6+ $19) 35. Qb2+ $2 (35. Rc1 $1
Qb6 36. Qc3+ Nf6 37. Nh6 Re7 38. Re5 Rxe5 39. Qxe5 Qb7+ 40. Kg1 Qd5 41. Re1 $17
) 35... Ng7 $19 36. Rg1 Qc6+ 37. Rg2 Qf6 $2 $17 (37... h6 $1 38. Rxg6 (38. Nxh6
Rf1#) 38... Qxg6 $19) 38. Qxf6 Rxf6 39. Nxg7 $6 (39. Ng3 $17) 39... Kxg7 40.
Rc5 $2 (40. Re2 Rf2 (40... Rf4 41. h3 Ra4 42. Kg2 Ra3 43. Rd5 $15) 41. Rge5
Rxe2 42. Rxe2 Rf4 43. g5 (43. h3 Rf3 44. Kg2 Ra3 45. h4 $17) 43... Kf7 44. Rc2
Ra4 $17) 40... Rd6 $4 (40... Rf1+ $1 41. Rg1 Rxg1+ (41... R8f2 $2 42. Rxf1
Rxf1+ 43. Kg2 Rf4 44. Kg3 Ra4 45. Rc2 Kf6 $17) 42. Kxg1 Rf4 43. Rc7+ (43. h3
Ra4 44. Rc2 Kf6 45. Kg2 Kg5 $19) 43... Kh6 44. h3 Ra4 45. Rc2 Kg5 46. Kg2 Ra3
$19 {[%csl Ra2,Rh3][%cal Gg5h4]}) 41. Re2 Rf7 (41... Rfd8 $1 42. Kg2 (42. Re7+
$2 Kh6 (42... Kf6 $2 43. Rxh7 Rd1+ 44. Kg2 R8d2+ 45. Kf3 Rxa2 46. Rc6+ Ke5 47.
Re7+ Kd5 48. Rxg6 Rf1+ 49. Kg3 Rg1+ 50. Kf4 b4 51. Re5+ Kc4 52. Rc6+ Kd4 53.
Rd6+ Kc4 $11) 43. g5+ (43. h3 R8d7 44. Re2 Rd2 45. Rc2 Rxc2 46. Rxc2 Rd3 47.
Kg2 Kg5 $19) 43... Kh5 44. Rxh7+ Kg4 45. h3+ Kg3 46. Rc3+ Rd3 $19) 42... Rd2
43. Kf2 $17) 42. Kg2 Rd4 43. h3 Rfd7 44. Kf3 Rf7+ 45. Kg2 Rd3 46. g5 $1 $11 Ra3
(46... h6 47. Rc6 hxg5 (47... Ra3 48. h4 h5 49. Ree6 Rxa2+ 50. Kg3 Ra3+ 51. Kg2
a5 52. Rxg6+ Kf8 53. Rc8+ Ke7 54. Rc7+ $11 Ke8 $4 55. Rg8+) 48. Rxa6 $11) 47.
Rc6 Rb7 48. Rec2 a5 49. Ra6 {[%cal Ga6a4]} a4 50. Rb2 b4 51. Rf2 (51. h4 $11 b3
(51... Rc7 52. Rxb4 Rc2+ 53. Kf1 Rc1+ 54. Kf2 Rxa2+ 55. Ke3 $11) 52. axb3 Rbxb3
53. Ra7+ Kg8 54. Rxb3 (54. Rd2 $15) 54... Ra2+ 55. Rb2 Rxb2+ 56. Kf3 Rb3+ 57.
Kf4 a3 58. Ke5 $11) 51... Rc7 52. Kh2 Rf7 53. Rd2 Re7 54. Rf2 h6 55. gxh6+ $1 (
55. h4 $5 hxg5 56. hxg5 Rf7 57. Rd2 $11) 55... Kxh6 56. Rg2 {[%cal Rg2g6,Ra6g6]
} Kh7 (56... Rg7 $5 57. Rb2 Rc7 58. Rg2 Rg7 $10) 57. Raxg6 Rxa2 58. Rxa2 Kxg6
59. Rxa4 Rb7 60. Kg3 b3 61. Ra1 Kf5 62. Kf3 Ke5 63. Ke3 Rh7 64. Kd3 Rxh3+ 65.
Kc4 1/2-1/2